00286nam a2200109 a 4500008004100000050001700041100002000058245004100078260003500119300001300154350000900167120416s1965 ||||||||||||||||| || u aHA 40.I5 Yan aYanovsky, Moshe10aAnatomy of social accounting systems aLondonbChapman and Hallc1965 ax, 237p. a0.00